Central Library OPAC University of Rajshahi

Inorganic process industries / (Record no. 6126)

MARC details
000 -LEADER
fixed length control field 00641nam a2200217 a 4500
001 - CONTROL NUMBER
control field 6126
003 - CONTROL NUMBER IDENTIFIER
rucl marc code BD-RjUL
005 - DATE AND TIME OF LATEST TRANSACTION
control field 20211208234205.0
008 - FIXED-LENGTH DATA ELEMENTS--GENERAL INFORMATION
fixed length control field 161112s1960 nyu 001 0 eng
035 ## - SYSTEM CONTROL NUMBER
System control number (BD-RjUL)6165
040 ## - CATALOGING SOURCE
Original cataloging agency DLC
Transcribing agency ODaWU
Modifying agency BD-RjUL
Language of cataloging eng
041 ## - LANGUAGE CODE
Language code of text/sound track or separate title eng
082 ## - DEWEY DECIMAL CLASSIFICATION NUMBER
Edition number 20
Classification number 661
Author mark and year KOI 1960
100 1# - MAIN ENTRY--PERSONAL NAME
Personal name Kobe, Kenneth A.
Fuller form of name (Kenneth Albert),
Dates associated with a name 1905-
9 (RLIN) 19274
245 10 - TITLE STATEMENT
Title Inorganic process industries /
Statement of responsibility, etc. Kenneth A. Kobe.
260 ## - PUBLICATION, DISTRIBUTION, ETC. (IMPRINT)
Place of publication, distribution, etc. New York :
Name of publisher, distributor, etc. Macmillan Co.,
Date of publication, distribution, etc. c1948 [Printing 1957-1960].
300 ## - PHYSICAL DESCRIPTION
Pagination vii, 371 p. :
Illustrations ill. ;
Size 24 cm.
500 ## - GENERAL NOTE
General note Includes Index
650 #0 - SUBJECT ADDED ENTRY--TOPICAL TERM
Topical term or geographic name as entry element Chemical industry.
9 (RLIN) 19275
942 ## - ADDED ENTRY ELEMENTS (KOHA)
Source of classification or shelving scheme Dewey Decimal Classification
Koha item type Books
Holdings
Lost status Source of classification or shelving scheme Damaged status Not for loan Collection code Permanent Location Current Location Shelving location Date acquired Source of acquisition Cost, normal purchase price Total Checkouts Full call number Date last seen Copy number Koha item type
  Dewey Decimal Classification     Non-fiction Central Library, University of Rajshahi Central Library, University of Rajshahi   14/03/1963 Zeitlinger 53.00   661 KOI 1960 09/01/2014 C-3 Books
  Dewey Decimal Classification     Non-fiction Central Library, University of Rajshahi Central Library, University of Rajshahi Reading Room 26/08/1961 Mirza book agency 35.00   661 KOI 1957 27/02/2014 C-4 Books
  Dewey Decimal Classification     Non-fiction Central Library, University of Rajshahi Central Library, University of Rajshahi General Stacks 14/03/1963 Zeitlinger 53.00   661 KOI 1960 10/11/2016 C-2 Books
  Dewey Decimal Classification   Not For Loan Non-fiction Central Library, University of Rajshahi Central Library, University of Rajshahi Reading Room 14/03/1963 Zeitlinger 53.00   661 KOI 1960 11/11/2019 C-1 Books
  Dewey Decimal Classification     Non-fiction Central Library, University of Rajshahi Central Library, University of Rajshahi   14/03/1963 zaitlinger 53.00   661 KOI 1960 11/11/2019 C-5 Books